| 000 | 00354nam a22001577a 4500 | ||
|---|---|---|---|
| 003 | SGT | ||
| 020 | _a9789388902755 | ||
| 082 |
_a611 _bH21C |
||
| 100 | _aCHAURSIA, B.D. | ||
| 245 | _aHUMAN ANATOMY: BRAIN - NEUROANATOMY VOL-4 | ||
| 250 | _a8TH | ||
| 260 |
_aINDIA _bCBS PUB _c2021 |
||
| 300 | _a220 | ||
| 650 | _aHUMAN ANATOMY | ||
| 942 |
_2ddc _cBK _041 |
||
| 999 |
_c22006 _d22006 |
||